| 000 | 01531nam a2200277 i 4500 | ||
|---|---|---|---|
| 003 | CSPC | ||
| 005 | 20231212162722.0 | ||
| 008 | 231205s2021 nyua b 001 0 eng | ||
| 020 | _a9781260570373 | ||
| 040 |
_cCSPC _aCSPC _beng |
||
| 050 | 0 | 0 |
_aHD58.7 _b.K52638 |
| 082 | 0 | 0 |
_a658 _bK62o _223 |
| 100 | 1 |
_aKinicki, Angelo, _eauthor. |
|
| 245 | 1 | 0 |
_aOrganizational behavior : _ba practical, problem-solving approach / _cAngelo Kinicki. |
| 250 | _aThird edition | ||
| 264 | 1 |
_aNew York : _bMcGraw-Hill Education, _c2021. |
|
| 300 |
_axxviii, 678 [CN-46, I-26] pages : _bcolor illustrations ; _c28 cm. |
||
| 336 |
_2rdacontent _atext |
||
| 337 |
_2rdamedia _aunmediated |
||
| 338 |
_2rdacarrier _avolume |
||
| 504 | _aIncludes bibliographical references and index. | ||
| 505 | 0 | _aMaking OB work for me -- Values and attitudes -- Individual differences and emotions -- Social perception and managing diversity -- Foundations of employee motivation -- Performance management -- Positive organizational behavior -- Group and teams -- Communication in the digital age -- Managing conflict and negotiations -- Decision making and creativity -- Power, influence, and politics -- Leadership effectiveness -- Organizational culture, socialization, and mentoring -- Organizational design, effectiveness, and innovation -- Managing change and stress. | |
| 650 | 0 | _aOrganizational behavior. | |
| 942 |
_2ddc _cBK _h658 _iK62o _kCIR _m2021 _n0 |
||
| 999 |
_c26693 _d26693 |
||